[Event "SRB-chT Premier"]
[Site "Ruma"]
[Date "2020.09.29"]
[Round "7.4"]
[White "Milosevic, Milos"]
[Black "Zobenica, Ivan"]
[Result "1-0"]
[WhiteElo "2274"]
[BlackElo "2090"]
[PlyCount "71"]
[EventDate "2020.09.25"]
[EventType "team-tourn"]
[EventRounds "11"]
[EventCountry "SRB"]
[SourceTitle "CBM 198 Extra"]
[Source "ChessBase"]
[SourceDate "2020.11.30"]
[SourceVersion "1"]
[SourceVersionDate "2020.11.30"]
[SourceQuality "1"]
[WhiteTeam "Belgrade Itaka"]
[BlackTeam "Nova Pazova Mladost"]
[WhiteTeamCountry "SRB"]
[BlackTeamCountry "SRB"]

1. e4 d6 2. d4 c6 3. Nc3 e5 4. Nf3 Qc7 5. a4 Nf6 6. Bc4 Be7 7. h3 0-0 8. 0-0 Nbd7 9. Ba2 h6 10. Nh4 exd4 11. Qxd4 Nc5 12. Ng6 Re8 13. Bf4 Ne6 14. Bxe6 Bxe6 15. Nxe7+ Qxe7 16. Bxd6 Red8 17. Rad1 Qe8 18. e5 Nd5 19. Ne4 Bf5 20. Rde1 Qe6 21. f4 Ne7 22. Nc5 Qg6 23. Nxb7 Bxh3 24. Qf2 Nf5 25. Nxd8 Rxd8 26. Re2 c5 27. Rd2 c4 28. Re1 Rd7 29. a5 a6 30. b3 Ng3 31. Re3 Ne4 32. Rxe4 Qxe4 33. gxh3 cxb3 34. cxb3 Qb1+ 35. Kh2 Qxb3 36. Qg3 1-0

[Event "Vojvodina-chT"]
[Site "Kac"]
[Date "2014.11.10"]
[Round "4.6"]
[White "Zobenica, Ivan"]
[Black "Curakovic, Dragan"]
[Result "1-0"]
[WhiteElo "2106"]
[BlackElo "2140"]
[PlyCount "39"]
[EventDate "2014.11.08"]
[EventType "team-tourn"]
[EventRounds "11"]
[EventCountry "SRB"]
[SourceTitle "EXT 2017"]
[Source "ChessBase"]
[SourceDate "2016.10.25"]
[SourceVersion "1"]
[SourceVersionDate "2016.10.25"]
[SourceQuality "1"]

1. e4 d5 2. exd5 Qxd5 3. Nc3 Qa5 4. Nf3 Bg4 5. h3 Bxf3 6. Qxf3 c6 7. d4 Nf6 8. Bc4 e6 9. 0-0 Nbd7 10. Bf4 Be7 11. Rfe1 Qd8 12. d5 cxd5 13. Bxd5 Nxd5 14. Nxd5 0-0 15. Nxe7+ Qxe7 16. Qxb7 Rfe8 17. Rad1 Nb6 18. Qxe7 Rxe7 19. b3 Nd5 20. Rxd5 1-0

[Event "Nova Pazova-ch"]
[Site "Nova Pazova"]
[Date "2014.02.15"]
[Round "2"]
[White "Zobenica, Ivan"]
[Black "Stankovic, Milos M"]
[Result "1-0"]
[WhiteElo "2095"]
[BlackElo "1511"]
[PlyCount "32"]
[EventDate "2014.02.14"]
[EventType "swiss"]
[EventRounds "9"]
[EventCountry "SRB"]
[SourceTitle "CBM 159 Extra"]
[Source "ChessBase"]
[SourceDate "2014.04.24"]
[SourceVersion "1"]
[SourceVersionDate "2014.04.24"]
[SourceQuality "1"]

1. e4 e5 2. Bc4 Nf6 3. d3 d6 4. Bg5 Be7 5. Nc3 Nxe4 6. Bxe7 Nxc3 7. Bxd8 Nxd1 8. Bxc7 Nxb2 9. Bb3 a5 10. a4 Be6 11. Bxe6 fxe6 12. Bxb8 Rxb8 13. Ra2 Nxa4 14. Rxa4 Ra8 15. c4 Ke7 16. Ne2 d5 1-0

[Event "Vojvodina-chT 2nd League"]
[Site "Stari Banovci"]
[Date "2013.11.07"]
[Round "6"]
[White "Zobenica, Ivan"]
[Black "Vucinic, Gojko"]
[Result "0-1"]
[WhiteElo "2064"]
[BlackElo "2294"]
[PlyCount "64"]
[EventDate "2013.11.03"]
[EventType "team-tourn"]
[EventRounds "11"]
[EventCountry "SRB"]
[SourceTitle "EXT 2015"]
[Source "ChessBase"]
[SourceDate "2014.11.20"]
[SourceVersion "1"]
[SourceVersionDate "2014.11.20"]
[SourceQuality "1"]

1. e4 c5 2. Nf3 d6 3. d4 cxd4 4. Nxd4 Nf6 5. Nc3 g6 6. Be2 Bg7 7. Be3 Nc6 8. 0-0 0-0 9. h3 Bd7 10. Qd2 a6 11. Nxc6 Bxc6 12. Bf3 b5 13. Bh6 Bxh6 14. Qxh6 Qc7 15. a3 a5 16. Qd2 Rfc8 17. Rfe1 Nd7 18. Bg4 e6 19. Nd5 Qd8 20. Nf4 Ne5 21. Nxe6 fxe6 22. Bxe6+ Nf7 23. e5 dxe5 24. Qc3 Qg5 25. f3 Bd7 26. Bxf7+ Kxf7 27. Qxe5 Qxe5 28. Rxe5 Rxc2 29. Rd5 Bc6 30. Rd6 Re8 31. Kf1 Re6 32. Rxe6 Kxe6 0-1

[Event "Vojvodina-chT 2nd League"]
[Site "Stari Banovci"]
[Date "2013.11.04"]
[Round "1"]
[White "Zobenica, Ivan"]
[Black "Marjanusic, Vladimir"]
[Result "1/2-1/2"]
[WhiteElo "2064"]
[BlackElo "2272"]
[PlyCount "119"]
[EventDate "2013.11.03"]
[EventType "team-tourn"]
[EventRounds "11"]
[EventCountry "SRB"]
[SourceTitle "EXT 2015"]
[Source "ChessBase"]
[SourceDate "2014.11.20"]
[SourceVersion "1"]
[SourceVersionDate "2014.11.20"]
[SourceQuality "1"]

1. e4 e5 2. Nf3 Nc6 3. Bc4 Nf6 4. d3 Be7 5. Nc3 0-0 6. 0-0 d6 7. h3 Na5 8. Be3 c6 9. Bg5 h6 10. Bh4 Nh7 11. Bg3 b5 12. Bb3 Nxb3 13. axb3 f5 14. exf5 Bxf5 15. Qe2 Nf6 16. Nh4 Bh7 17. b4 a5 18. Rxa5 Rxa5 19. bxa5 b4 20. Nd1 Nd5 21. Qg4 Qc8 22. Qxc8 Rxc8 23. Ne3 Nf4 24. Nhf5 Bf8 25. Ra1 d5 26. a6 Ra8 27. Kf1 d4 28. Nxd4 exd4 29. Bxf4 dxe3 30. a7 b3 31. Bxe3 bxc2 32. Ke2 Bb4 33. Ra4 c5 34. b3 Bf5 35. Ra2 Be6 36. Rxc2 Rxa7 37. Bxc5 Bxc5 38. Rxc5 Bxb3 39. Ke3 Kf7 40. h4 Ke7 41. g4 Kd6 42. Rb5 Bd5 43. f4 Bc6 44. Rb8 Kd5 45. Rb4 Re7+ 46. Re4 Kd6 47. Rxe7 Kxe7 48. f5 h5 49. g5 Kd6 50. Kf4 Bb5 51. d4 Bd3 52. g6 Kd5 53. Kg5 Kxd4 54. f6 gxf6+ 55. Kxf6 Kd5 56. g7 Bh7 57. Kg5 Ke5 58. Kxh5 Kf6 59. Kh6 Bg8 60. h5 1/2-1/2

[Event "SRB-chT2 Vojvodina League"]
[Site "Kac"]
[Date "2012.10.17"]
[Round "5"]
[White "Pezelj, Novak"]
[Black "Zobenica, Ivan"]
[Result "1-0"]
[WhiteElo "2310"]
[BlackElo "2042"]
[PlyCount "73"]
[EventDate "2012.10.14"]
[EventType "team-swiss"]
[EventRounds "11"]
[EventCountry "SRB"]
[SourceTitle "EXT 2015"]
[Source "ChessBase"]
[SourceDate "2014.11.20"]
[SourceVersion "1"]
[SourceVersionDate "2014.11.20"]
[SourceQuality "1"]

1. e4 d6 2. d4 c6 3. Nf3 Nf6 4. Bd3 Bg4 5. h3 Bh5 6. Nbd2 Nbd7 7. c3 e5 8. 0-0 Be7 9. Re1 0-0 10. Nf1 Re8 11. Ng3 Bg6 12. Qc2 Rc8 13. Be3 Bf8 14. Rad1 Qc7 15. dxe5 dxe5 16. Nh4 Nc5 17. Bg5 Nfd7 18. b4 Nxd3 19. Qxd3 Nb6 20. a3 f6 21. Nxg6 hxg6 22. Be3 c5 23. Qe2 Qf7 24. Qg4 Red8 25. Bxc5 Bxc5 26. bxc5 Na4 27. c4 Nxc5 28. Rd5 Ne6 29. Red1 Re8 30. Rd7 Re7 31. Rxe7 Qxe7 32. Qxg6 Nf8 33. Qg4 Rxc4 34. Nf5 Qc7 35. Rd8 Rd4 36. Rc8 Qd7 37. Qg6 1-0

[Event "SRB-chT2 Vojvodina League"]
[Site "Kac"]
[Date "2012.10.17"]
[Round "6"]
[White "Ratkovic, Miloje"]
[Black "Zobenica, Ivan"]
[Result "0-1"]
[WhiteElo "2202"]
[BlackElo "2042"]
[PlyCount "66"]
[EventDate "2012.10.14"]
[EventType "team-swiss"]
[EventRounds "11"]
[EventCountry "SRB"]
[SourceTitle "EXT 2015"]
[Source "ChessBase"]
[SourceDate "2014.11.20"]
[SourceVersion "1"]
[SourceVersionDate "2014.11.20"]
[SourceQuality "1"]

1. d4 d6 2. e4 c6 3. c4 Nf6 4. f3 Nbd7 5. Nc3 e5 6. d5 Be7 7. Be3 0-0 8. Qd2 a6 9. 0-0-0 Ne8 10. Kb1 c5 11. h4 Qa5 12. g4 Nc7 13. h5 b5 14. g5 b4 15. Nce2 Nb6 16. Ng3 Na4 17. g6 Nc3+ 18. bxc3 bxc3 19. Qc1 Rb8+ 20. Kc2 Qxa2+ 21. Kd3 Rb4 22. gxh7+ Kxh7 23. Qxc3 Rb3 24. N1e2 Nb5 25. cxb5 axb5 26. Qxb3 c4+ 27. Kc3 Qxb3+ 28. Kd2 Qd3+ 29. Ke1 Qxe3 30. Rc1 Bd8 31. Bg2 Ba5+ 32. Kf1 Bb6 33. Ke1 Qf2+ 0-1

[Event "Vojvodina-chT2"]
[Site "Vrbas"]
[Date "2011.09.29"]
[Round "7"]
[White "Zobenica, Ivan"]
[Black "Mastrapovic, Vladimir"]
[Result "0-1"]
[WhiteElo "2034"]
[BlackElo "2260"]
[PlyCount "56"]
[EventDate "2011.09.25"]
[EventType "team-tourn"]
[EventRounds "11"]
[EventCountry "SRB"]
[SourceTitle "CBM 144 Extra"]
[Source "ChessBase"]
[SourceDate "2011.10.28"]
[SourceVersion "1"]
[SourceVersionDate "2011.10.28"]
[SourceQuality "1"]

1. e4 c5 2. b3 g6 3. Bb2 Nf6 4. e5 Nd5 5. Bc4 Nb6 6. e6 f6 7. Qe2 dxe6 8. Nf3 Nxc4 9. Qxc4 Qd5 10. Qh4 Bg7 11. Nc3 Qc6 12. 0-0-0 e5 13. d3 0-0 14. Nd2 b5 15. g4 Bb7 16. Rhg1 Nd7 17. Rg3 Rfd8 18. Re3 Re8 19. Ne2 Rac8 20. f4 exf4 21. Rh3 Nf8 22. Ne4 g5 23. Qh5 e5 24. Ba3 b4 25. Bb2 Qa6 26. Nxc5 Qc6 27. d4 exd4 28. Nxd4 Qxc5 0-1

[Event "Vojvodina-chT2"]
[Site "Vrbas"]
[Date "2011.09.25"]
[Round "1"]
[White "Sevo, Dusan"]
[Black "Zobenica, Ivan"]
[Result "1-0"]
[WhiteElo "2268"]
[BlackElo "2034"]
[PlyCount "81"]
[EventDate "2011.09.25"]
[EventType "team-tourn"]
[EventRounds "11"]
[EventCountry "SRB"]
[SourceTitle "CBM 144 Extra"]
[Source "ChessBase"]
[SourceDate "2011.10.28"]
[SourceVersion "1"]
[SourceVersionDate "2011.10.28"]
[SourceQuality "1"]

1. e4 c5 2. Nf3 e6 3. d3 Nc6 4. g3 g6 5. c3 Bg7 6. Be3 d6 7. d4 cxd4 8. Nxd4 a6 9. Bg2 Nge7 10. Na3 Qc7 11. 0-0 0-0 12. Nxc6 bxc6 13. Qd2 Rb8 14. Rfd1 Rd8 15. Bc5 d5 16. Rab1 Rd7 17. c4 dxe4 18. Bd6 Qd8 19. c5 Nf5 20. Bxe4 Nxd6 21. cxd6 Bf8 22. Nc4 Bb7 23. Qf4 f5 24. Bf3 c5 25. Bxb7 Rbxb7 26. Qe5 Qe8 27. Qxc5 Rb5 28. Qc6 e5 29. a4 Rbb7 30. Qd5+ Kh8 31. Nxe5 Rxd6 32. Qxb7 Qxe5 33. Rxd6 Qxd6 34. Rc1 Kg8 35. Rc8 Qd1+ 36. Kg2 Qxa4 37. Qd5+ Kg7 38. Qe5+ Kg8 39. Qe7 Qe4+ 40. Qxe4 fxe4 41. Ra8 1-0

[Event "Belgrade Spring op"]
[Site "Belgrade"]
[Date "2010.03.30"]
[Round "7"]
[White "Zobenica, Ivan"]
[Black "Marinkov, Svetislav"]
[Result "0-1"]
[WhiteElo "2051"]
[BlackElo "1930"]
[PlyCount "140"]
[EventDate "2010.03.23"]
[EventType "swiss"]
[EventRounds "9"]
[EventCountry "YUG"]
[SourceTitle "CBM 135 Extra"]
[Source "ChessBase"]
[SourceDate "2010.05.04"]
[SourceVersion "1"]
[SourceVersionDate "2010.05.04"]
[SourceQuality "1"]

1. e4 c5 2. b3 Nc6 3. Bb2 e6 4. Nf3 d6 5. Bb5 Bd7 6. 0-0 Nf6 7. Re1 Be7 8. d3 0-0 9. Nbd2 a6 10. Bxc6 Bxc6 11. h3 b5 12. Nf1 Qc7 13. e5 dxe5 14. Nxe5 Bb7 15. Ng3 Rfd8 16. Qe2 Bd6 17. Nh5 Nxh5 18. Qxh5 f6 19. Nf3 Qf7 20. Qg4 Re8 21. Nd2 f5 22. Qg5 h6 23. Qe3 Qg6 24. f3 e5 25. Re2 Re7 26. Rae1 Rae8 27. Ba3 Rc8 28. Kh1 Qg3 29. Nf1 Qh4 30. Qf2 Qg5 31. c3 Qf6 32. d4 exd4 33. Rxe7 Bxe7 34. cxd4 b4 35. Bb2 c4 36. bxc4 Rxc4 37. Qe2 Rc7 38. Ne3 Qf7 39. d5 Bd6 40. Qd3 Bc8 41. Nc4 Bg3 42. Rd1 Bb7 43. Ne3 Rd7 44. Qxf5 Bf4 45. Qxf7+ Kxf7 46. Nc2 a5 47. d6 Rxd6 48. Rxd6 Bxd6 49. Ne3 g6 50. Nc4 Bc7 51. a3 Ke6 52. axb4 axb4 53. Ne3 Bf4 54. Nc2 Bd2 55. Kg1 Kd5 56. Kf2 Ba6 57. Ne3+ Kc5 58. g3 Bd3 59. f4 b3 60. Nd1 Kb4 61. Kf3 Bf1 62. g4 Bxh3 63. Bg7 h5 64. Nf2 Bxg4+ 65. Ke4 Bf5+ 66. Kf3 Bc3 67. Bf8+ Kc4 68. Nd1 b2 69. Nxc3 Kxc3 70. Bg7+ Kc2 0-1

[Event "Belgrade Spring op"]
[Site "Belgrade"]
[Date "2010.03.25"]
[Round "3"]
[White "Zobenica, Ivan"]
[Black "Dimic, Pavle"]
[Result "1/2-1/2"]
[WhiteElo "2051"]
[BlackElo "1890"]
[PlyCount "72"]
[EventDate "2010.03.23"]
[EventType "swiss"]
[EventRounds "9"]
[EventCountry "YUG"]
[SourceTitle "CBM 135 Extra"]
[Source "ChessBase"]
[SourceDate "2010.05.04"]
[SourceVersion "1"]
[SourceVersionDate "2010.05.04"]
[SourceQuality "1"]

1. e4 c5 2. Nc3 Nc6 3. f4 g6 4. Nf3 Bg7 5. Bc4 e6 6. f5 Nge7 7. fxg6 fxg6 8. 0-0 0-0 9. d3 d5 10. Bb3 Rb8 11. Bg5 c4 12. dxc4 Qb6+ 13. Kh1 dxc4 14. Bxc4 Qxb2 15. Nd5 Nxd5 16. exd5 Qxa1 17. Qxa1 Bxa1 18. dxe6 Re8 19. e7+ Kg7 20. Rxa1 Bf5 21. Re1 h6 22. Bf4 Rbc8 23. Bd6 Nxe7 24. Bb3 Nc6 25. Rf1 Rcd8 26. Ba3 Re4 27. h3 Kh7 28. Bb2 Be6 29. Bxe6 Rxe6 30. Nh4 Kg8 31. Bc3 Rf8 32. Rb1 b6 33. Rd1 Rd8 34. Rf1 Rf8 35. Rd1 Rd8 36. Rf1 Rf8 1/2-1/2

[Event "Belgrade op"]
[Site "Belgrade"]
[Date "2009.12.02"]
[Round "9"]
[White "Zobenica, Ivan"]
[Black "Skoric, Branko"]
[Result "1-0"]
[WhiteElo "2066"]
[BlackElo "1928"]
[PlyCount "68"]
[EventDate "2009.11.24"]
[EventType "swiss"]
[EventRounds "9"]
[EventCountry "YUG"]
[SourceTitle "CBM 133 Extra"]
[Source "ChessBase"]
[SourceDate "2010.01.05"]
[SourceVersion "1"]
[SourceVersionDate "2010.01.05"]
[SourceQuality "1"]

1. e4 e5 2. Nf3 Nc6 3. Bc4 Bc5 4. c3 Nf6 5. d4 exd4 6. cxd4 Bb4+ 7. Nc3 Nxe4 8. 0-0 Bxc3 9. d5 Ne7 10. bxc3 0-0 11. Re1 Nf6 12. d6 cxd6 13. Ba3 Nf5 14. Bd3 Nh6 15. Bxd6 Re8 16. Ne5 b5 17. g4 Qb6 18. g5 Bb7 19. gxf6 Re6 20. Be7 gxf6 21. Qh5 fxe5 22. Rxe5 Kh8 23. Rae1 Rg8+ 24. Kf1 Qc6 25. Be4 Qc4+ 26. Qe2 Bxe4 27. Bf6+ Rg7 28. Bxg7+ Kxg7 29. Qxc4 bxc4 30. R5xe4 Rc6 31. Rd1 d6 32. Rdd4 Ra6 33. Rxc4 Nf5 34. Rg4+ Kf6 1-0

[Event "Belgrade op"]
[Site "Belgrade"]
[Date "2009.12.01"]
[Round "8"]
[White "Zobenica, Ivan"]
[Black "Zivanovic, Bojan"]
[Result "0-1"]
[WhiteElo "2066"]
[BlackElo "1886"]
[PlyCount "68"]
[EventDate "2009.11.24"]
[EventType "swiss"]
[EventRounds "9"]
[EventCountry "YUG"]
[SourceTitle "CBM 133 Extra"]
[Source "ChessBase"]
[SourceDate "2010.01.05"]
[SourceVersion "1"]
[SourceVersionDate "2010.01.05"]
[SourceQuality "1"]

1. e4 c5 2. Nf3 d6 3. d4 cxd4 4. Nxd4 Nf6 5. Nc3 g6 6. f3 Bg7 7. Be3 Nc6 8. Bc4 0-0 9. Qd2 Bd7 10. Bb3 Rc8 11. 0-0-0 Nxd4 12. Bxd4 b5 13. Bxa7 Qc7 14. Bd4 b4 15. Nd5 Nxd5 16. exd5 Qa5 17. Bxg7 Kxg7 18. Qd4+ Kg8 19. Rd3 Ba4 20. Kd2 Bxb3 21. axb3 Rc5 22. Rc1 Rfc8 23. Kd1 Qa2 24. h4 Rxc2 25. Rxc2 Qb1+ 26. Ke2 Rxc2+ 27. Rd2 Rc1 28. Qd3 Re1+ 29. Kf2 Qc1 30. Rc2 Rf1+ 31. Kg3 Qe1+ 32. Kg4 h5+ 33. Kg5 Qe5+ 34. Kh6 Qf4# 0-1

[Event "Belgrade op"]
[Site "Belgrade"]
[Date "2009.11.29"]
[Round "6"]
[White "Zobenica, Ivan"]
[Black "Veleski, Robert"]
[Result "0-1"]
[WhiteElo "2066"]
[BlackElo "2257"]
[PlyCount "38"]
[EventDate "2009.11.24"]
[EventType "swiss"]
[EventRounds "9"]
[EventCountry "YUG"]
[SourceTitle "CBM 133 Extra"]
[Source "ChessBase"]
[SourceDate "2010.01.05"]
[SourceVersion "1"]
[SourceVersionDate "2010.01.05"]
[SourceQuality "1"]

1. e4 c5 2. Nf3 Nc6 3. d4 cxd4 4. Nxd4 g6 5. Nc3 Bg7 6. Be3 Nf6 7. f3 0-0 8. Qd2 d5 9. 0-0-0 dxe4 10. Kb1 Nxd4 11. Bxd4 Be6 12. Nxe4 Nxe4 13. fxe4 Bxd4 14. Qxd4 Qa5 15. Bc4 Rad8 16. Bd5 Bg4 17. Qe5 e6 18. Rd4 exd5 19. exd5 Rfe8 0-1

[Event "Belgrade op"]
[Site "Belgrade"]
[Date "2009.11.25"]
[Round "2"]
[White "Zobenica, Ivan"]
[Black "Gluscevic, Marko"]
[Result "1-0"]
[WhiteElo "2066"]
[BlackElo "1771"]
[PlyCount "85"]
[EventDate "2009.11.24"]
[EventType "swiss"]
[EventRounds "9"]
[EventCountry "YUG"]
[SourceTitle "CBM 133 Extra"]
[Source "ChessBase"]
[SourceDate "2010.01.05"]
[SourceVersion "1"]
[SourceVersionDate "2010.01.05"]
[SourceQuality "1"]

1. e4 c6 2. d4 d5 3. exd5 cxd5 4. Bd3 Nc6 5. c3 e6 6. Nf3 Bd6 7. 0-0 Nge7 8. Re1 Ng6 9. Bc2 Qc7 10. h4 Bd7 11. Na3 a6 12. c4 Nb4 13. Bb3 Bc6 14. h5 Nf4 15. c5 Be7 16. Ne5 g5 17. Bxf4 gxf4 18. Qg4 Bf6 19. Bc2 0-0-0 20. Qxf4 Bxe5 21. Rxe5 Rdg8 22. Qf6 Kb8 23. f4 Be8 24. Rg5 Nxc2 25. Nxc2 Qa5 26. Qe5+ Ka8 27. b4 Qa4 28. Qe2 Bb5 29. Qd2 Bc4 30. Ne3 Qa3 31. Rc1 Rxg5 32. fxg5 Qxa2 33. Nxc4 Qxd2 34. Nxd2 Rg8 35. Nf3 h6 36. gxh6 Rh8 37. c6 bxc6 38. Rxc6 Rxh6 39. Rxa6+ Kb7 40. Rd6 Kc7 41. Ne5 Rxh5 42. Rd7+ Kb6 43. Rxf7 1-0

[Event "Stara Pazova op"]
[Site "Stara Pazova"]
[Date "2009.07.28"]
[Round "5"]
[White "Michalik, Peter"]
[Black "Zobenica, Ivan"]
[Result "1-0"]
[WhiteElo "2428"]
[BlackElo "2066"]
[PlyCount "63"]
[EventDate "2009.07.25"]
[EventType "swiss"]
[EventRounds "10"]
[EventCountry "YUG"]
[SourceTitle "CBM 131 Extra"]
[Source "ChessBase"]
[SourceDate "2009.09.03"]
[SourceVersion "2"]
[SourceVersionDate "2009.09.16"]
[SourceQuality "1"]

1. d4 d6 2. Nf3 Nf6 3. g3 c6 4. Bg2 Bg4 5. Nbd2 Nbd7 6. 0-0 e5 7. h3 Bxf3 8. Nxf3 e4 9. Nd2 d5 10. c4 Bd6 11. Qb3 Rb8 12. Nb1 Qe7 13. cxd5 Nxd5 14. Nc3 N7f6 15. Bg5 Nxc3 16. bxc3 0-0 17. Bxf6 gxf6 18. e3 f5 19. c4 b6 20. Qd1 Qg5 21. c5 bxc5 22. dxc5 Bxc5 23. Rc1 Rfd8 24. Qa4 Rb5 25. Qa6 Rb6 26. Qxa7 Bxe3 27. fxe3 Qxe3+ 28. Kh1 Rd2 29. Rxf5 Qxg3 30. Qxf7+ Kh8 31. Qe8+ Qg8 32. Qe5+ 1-0

[Event "Stara Pazova op"]
[Site "Stara Pazova"]
[Date "2009.07.27"]
[Round "3"]
[White "Ilincic, Zlatko"]
[Black "Zobenica, Ivan"]
[Result "1-0"]
[WhiteElo "2479"]
[BlackElo "2066"]
[PlyCount "57"]
[EventDate "2009.07.25"]
[EventType "swiss"]
[EventRounds "10"]
[EventCountry "YUG"]
[SourceTitle "CBM 131 Extra"]
[Source "ChessBase"]
[SourceDate "2009.09.03"]
[SourceVersion "2"]
[SourceVersionDate "2009.09.16"]
[SourceQuality "1"]

1. d4 d5 2. c4 e6 3. Nf3 Nf6 4. g3 Nbd7 5. Bg2 Be7 6. 0-0 0-0 7. Qc2 b6 8. cxd5 exd5 9. Ne5 Nb8 10. Nc3 Bb7 11. Rd1 Na6 12. Bf4 Nh5 13. Be3 f6 14. Nxd5 Bxd5 15. Nc6 Bxc6 16. Qxc6 Nb4 17. Qc4+ Kh8 18. a3 b5 19. Qb3 f5 20. Bxa8 Qxa8 21. axb4 f4 22. Bd2 fxg3 23. hxg3 Bd6 24. Qd3 Qc8 25. Kg2 Qg4 26. Rh1 g6 27. Raf1 Bf4 28. Rh4 Qg5 29. Qf3 1-0

[Event "Belgrade Summer op"]
[Site "Belgrade"]
[Date "2009.06.07"]
[Round "5"]
[White "Zobenica, Ivan"]
[Black "Rajcevic, Stevan"]
[Result "0-1"]
[WhiteElo "2072"]
[BlackElo "2128"]
[PlyCount "70"]
[EventDate "2009.06.02"]
[EventType "swiss"]
[EventRounds "9"]
[EventCountry "SRB"]
[SourceTitle "EXT 2019"]
[Source "ChessBase"]
[SourceDate "2018.10.10"]
[SourceVersion "1"]
[SourceVersionDate "2018.10.10"]
[SourceQuality "1"]

1. e4 d5 2. exd5 Qxd5 3. Nc3 Qa5 4. d4 Nf6 5. Bd2 c6 6. Bc4 Bf5 7. Nf3 e6 8. 0-0 Qc7 9. Re1 Be7 10. Ne2 Ne4 11. Bf4 Bd6 12. Bxd6 Qxd6 13. Nh4 0-0 14. f3 Nf6 15. Ng3 Bxc2 16. Qxc2 Qxd4+ 17. Kh1 Qxh4 18. Bd3 Nbd7 19. Ne4 Nxe4 20. Rxe4 Qh6 21. Rb4 Rfb8 22. g3 g6 23. Re1 Nf6 24. h4 a5 25. Rc4 Nd5 26. a3 Rd8 27. Rce4 Rd7 28. R4e2 Rad8 29. Bc4 Qh5 30. Kg2 Qh6 31. Qe4 b5 32. Bb3 c5 33. a4 c4 34. Ba2 Nb4 35. Bb1 Nd3 0-1